PRIVATISATION of the Bakun Hydroelectric Project

Bibliographic Details
Format: Book
Published: [Kuala Lumpur, Malaysia] : Ekran , 1995
Subjects:

MARC

LEADER 00000cam a2200000 7i4500
001 0000000715
005 20000925.0
090 0 0 |a MR333.9141409595   |b PRI 1995 
245 0 0 |a PRIVATISATION of the Bakun Hydroelectric Project 
260 0 0 |a [Kuala Lumpur, Malaysia] :   |b Ekran ,   |c 1995 
300 |a <v. 1-2; v. 3, pts. 1-2; v. 4; in 5 > :   |b ill. (some col.), maps ;   |c 30 x 43 cm. 
650 0 0 |a Hydroelectric power plants   |x Environmental aspects   |z Malaysia   |z Sarawak 
650 0 0 |a Privatization   |z Malaysia   |z Sarawak 
650 0 0 |a Projek Hidroelektrik Bakun 
999 |a 0000000453   |b Monograph   |c Reference   |e Default branch